000 00953cam a2200253 a 4500
001 vtls003157536
003 MY-SjTCS
005 20200226114236.0
008 110218s2000 nyu 000 d eng
020 _a9780140714845 (pbk.)
039 9 _a201102181257
_bVLOAD
_c201101190811
_dpushpa
_c201101131618
_dsiew_eng
_c201101131616
_dsiew_eng
_y201006171250
_zwilmina
082 0 4 _a822.33
_bSHA 2000
100 1 _aShakespeare, William,
_d1564-1616.
245 1 0 _aRomeo and Juliet /
_cWilliam Shakespeare ; edited by Peter Holland.
260 _aNew York :
_bPenguin Books,
_c2000.
300 _axlvi, 128 p. ;
_c20 cm.
490 0 _aThe Pelican Shakespeare
504 _aIncludes bibliographical references.
650 0 _aRomeo (Fictitious character)
_vDrama.
_930166
650 0 _aJuliet (Fictitious character)
_vDrama.
_930167
650 0 _aConflict of generations
_vDrama.
_930168
700 1 _aHolland, Peter,
_d1951-
_930292
920 _aADTP : 145097
999 _c129275